Responses for Show #3325 - Friday, February 5, 1999

1999 Celebrity Jeopardy! Leading Men Night.

Contestants

[<< previous game]

David James Elliott, from JAG

Stephen Collins, from 7th Heaven

Thomas Gibson, from Dharma & Greg

[next game >>]

Jeopardy! Round responses

NAME THAT STATE
FAMOUS BEAUTIES
DRIVING DON'TS
MOVIE QUOTES
(Alex: You have to identify the film)
A COWBOY'S DICTIONARY
NUMBER, PLEASE
    $100 8
California

Stephen
    $100 6
Cindy Crawford

David
    $100 16
"Road Hog"

Thomas
    $100 1
Animal House

Stephen
    $100 21
Hoosegow

Triple Stumper
    $100 26
40

David
    $200 9
Florida

Thomas
    $200 7
Marilyn Monroe

Stephen
    $200 17
Hit-and-run

David
    $200 2
Star Wars

David
    $200 22
Stampede

David
    $200 27
21st

Stephen
    $600 10
Illinois

Thomas
    $300 13
Betty Grable

Stephen
    $300 18
(David: What is the brake stand?)

the clutch

StephenDavid
    $300 3
Casablanca

David
    $300 23
(Thomas: What is an old saw?)
(Alex: No.)
(Thomas: What is a saw?)
(Alex: Stephen?)
(Stephen: What is bones?)
(Alex: No.)
(David: [Under his breath] I'm not going there, Alex.)
(Alex: Well, you should have, because they put it together--if you put it together, then you would have--)
(David: [Overlapping] [*]! Aw, God.)
(Alex: [*]! Not an old saw, and not a bones.)
(Thomas: [To Stephen] We work well together.)

sawbones

ThomasStephen
Triple Stumper
    $300 28
100

Triple Stumper
    $400 11
Texas

David
    $400 14
Tyra Banks

Stephen
    $400 19
rubber

Stephen
    $400 4
Who Framed Roger Rabbit

Thomas
    $400 24
Squatter

David
    $400 29
(Stephen: What is 20?)
(David: What is 40?)

41

StephenDavid
Triple Stumper
    $500 12
Tennessee

Thomas
    $500 15
Christy Turlington

Thomas
    $500 20
Tailgating

Thomas
    $500 5
(David: What is Network?)
(Stephen: What is Good Morning, Vietnam?)

The Truman Show

StephenDavid
Triple Stumper
    $500 25
(Alex: And we have a minute to go.)

the tonsils

David
    $500 30
70

Stephen

Scores at the first commercial break (after clue 15):

Thomas Stephen David
$2,200 $600 $500

Scores at the end of the Jeopardy! Round:

Thomas Stephen David
$2,500 $1,300 $1,200

Double Jeopardy! Round responses

FINISH THE LINE
SPORTS
QUEEN ELIZABETH II
THE GOOD LIFE
FACTS & FIGURES
BEASTLY EXPRESSIONS
    $200 16
By the dawn's early light

Stephen
    $200 11
NHL (National Hockey League)

Stephen
    $200 26
Windsor

Stephen
    $200 21
Polo

Stephen
    $200 6
Arnold Schwarzenegger

Stephen
    $200 1
One-horse town

Thomas
    $400 17
Jumped over the lazy dog

Triple Stumper
    $400 12
Quarterback

Stephen
    $400 27
The Queen's Birthday

Triple Stumper
    $400 22
Facial

David
    $400 7
Mustard

Thomas
    $400 2
Raining cats & dogs

Stephen
    $600 18
I think it's today

David
    $600 13
Salary

Thomas
    $600 28
Buckingham Palace

David
    $600 23
Cigars

Thomas
    $600 8
Fleetwood Mac

Thomas
    $600 3
Bear hug

David
    $800 19
(Stephen: What is the Word?)

God created heaven and Earth

Stephen
Triple Stumper
    $2,000 14
Aces

Thomas
    $1,000 29
(Alex: We have a change in scoring and it affects Stephen. Our judges have reviewed your response of "souffle" earlier and have determined that your response is acceptable, so you add $2,000 to your score.)
...
(David: What is...)

Westminster Abbey

David
    $800 24
Cabernet

Thomas
    $800 9
Lactose

Stephen
    $800 4
The lion's mouth

Stephen
    $1000 20
I'll make an exception

David
    $1000 15
Free throw

Thomas
    $1000 30
Princess Anne

Triple Stumper
    $1000 25
(Stephen: What is a [**]?)
[Originally ruled incorrect; reversed before the Daily Double at clue 29]

mousse (or souffle)

StephenDavid
    $1000 10
South Dakota

Stephen
    $1000 5
Goat

Thomas

Scores at the end of the Double Jeopardy! Round:

Thomas Stephen David
$9,700 $5,900 $4,400

[wagering suggestions for these scores]

Final Jeopardy! Round responses

AMERICAN LITERATURE
DavidWhat is Moby Dick
$4,400
StephenWhat is "Moby Dick"?
$5,900
ThomasWhat is Moby Dick?
$9,700
Moby-Dick

Final scores:

Thomas Stephen David
$19,400 $11,800 $8,800
Winner: $19,400 for the American Society of the Prevention of Cruelty to Animals 2nd place: $11,800 for Habitat for Humanity & The Christopher Reeve Foundation 3rd place: $10,000 for The Dream Foundation

Game dynamics:

Coryat scores:

Thomas Stephen David
$8,200 $5,900 $5,400
16 R
(including 2 DDs),
1 W
20 R,
4 W
15 R,
4 W
(including 1 DD)

Combined Coryat: $19,500

[game clues] [game scores] [suggest correction]

Game tape date: Unknown
The J! Archive is created by fans, for fans. Scraping, republication, monetization, and malicious use prohibited; this site may use cookies and collect identifying information. See terms. The Jeopardy! game show and all elements thereof, including but not limited to copyright and trademark thereto, are the property of Jeopardy Productions, Inc. and are protected under law. This website is not affiliated with, sponsored by, or operated by Jeopardy Productions, Inc. Join the discussion at JBoard.tv.